On This Day: January 4th Quiz Stats

 Plays Quiz Updated Jan 4, 2018

Challenge
Share
Tweet
Embed
Score 0/7 Timer 03:00
1 Play Today
Question Answer Wrong Answers
This man sells his first revolver pistol to the United States government.
1847
Samuel Colt
90.6%
John Browning
1.7%
Oliver Winchester
4.8%
Daniel B. Wesson
2.9%
The 110th United States Congress convenes, electing this woman as the first female Speaker of the House in US history.
2007
Nancy Pelosi
82.4%
Elizabeth Warren
8.9%
Sarah Palin
4%
Michele Bachmann
2.8%
This skyscraper, the tallest building in the world at the time of its construction, officially opens in Dubai, United Arab Emirates.
2010
Burj Khalifa
80%
Lotte World Tower
7.9%
Suzhou IFS
2.4%
Princess Tower
7.7%
This American musician, best known as the lead singer of the band R.E.M., is born.
1960
Michael Stipe
70.9%
Chris Martin
8.7%
Thom Yorke
6.5%
Dave Grohl
12.2%
Burma gains its independence from this nation.
1948
United Kingdom
65.3%
United States
1.8%
France
19.9%
Japan
11.8%
Chinese and North Korean forces capture _______, ultimately galvanizing the United Nations' support for South Korea.
1951
Seoul
61.7%
Pyongyang
25.4%
Taipei
3.1%
Phnom Penh
8.3%
The ______ Declaration of Independence is recognized by Russia, Sweden, Germany, and France.
1918
Finnish
51.3%
Romanian
14.2%
Hungarian
28.7%
Portuguese
4.9%

Today's Daily Dose

You're not logged in!

Compare scores with friends on all Sporcle quizzes.
OR
Log In

You Might Also Like...

Show Comments

Extras

Top Quizzes Today


Score Distribution

Your Account Isn't Verified!

In order to create a playlist on Sporcle, you need to verify the email address you used during registration. Go to your Sporcle Settings to finish the process.

Report this User

Report this user for behavior that violates our Community Guidelines.

Details: